000 00773 a2200241 4500
005 20251218151834.0
008 251218b |||||||| |||| 00| 0 eng d
020 _a978-93-6080-533-3
037 _cTB
040 _aCRL
_cCRL
041 _2eng
_aeng
084 _aQ2:(N) R5
_qCRL
100 _aBuhemann, Gudrun
_9821146
245 _aMandalas and yantras in the hindu traditions
260 _aNew Delhi, India:
_bManohar Publisher and Distributors,
_c2025.
300 _axvii;303p.
365 _b2195.00
_cINR
650 _aHindu Arts
_9857868
650 _aHinduism
_9857869
650 _aArts
_9857870
942 _cTB
_2CC
_n0
_hQ2:(N) R5
999 _c1435326
_d1435326